[Event "American Continental (Women) 16th"]
[Site "Oaxtepec"]
[Date "2025.05.03"]
[Round "4"]
[White "Barrera Garcia, Fernanda Guadalupe"]
[Black "Saidy Ayala, Daraima Diana"]
[Result "1-0"]
[WhiteElo "1755"]
[BlackElo "1595"]
[PlyCount "151"]
[EventDate "2025.05.01"]
[EventType "swiss"]
[EventRounds "9"]
[EventCountry "MEX"]
[SourceTitle "CB19_2025"]
[SourceDate "2025.05.07"]
[SourceVersion "1"]
[SourceVersionDate "2025.05.07"]
[SourceQuality "1"]

1. d4 c5 2. d5 d6 3. c4 e5 4. e4 f5 5. Nc3 f4 6. g3 fxg3 7. fxg3 Nf6 8. Be2 a6 9. Bg5 Be7 10. Nf3 Nbd7 11. Qc2 Qa5 12. Bd2 Qc7 13. Ng5 Nf8 14. 0-0-0 Bg4 15. Rhf1 Bd7 16. h4 h6 17. Nf3 Bh3 18. Rg1 Bg4 19. Be1 0-0-0 20. Nd2 Bd7 21. Nb3 Kb8 22. Nb1 Ka8 23. Na3 b6 24. Kb1 Rb8 25. Ka1 g5 26. hxg5 hxg5 27. Bd2 g4 28. Rh1 Rg8 29. Nb1 Be8 30. Nc3 Nh5 31. Rdg1 Nf6 32. a4 Bd7 33. Nc1 a5 34. b3 Qc8 35. Nd3 Ne8 36. Nf2 Nc7 37. Qd1 Na6 38. Na2 Rb7 39. Kb2 Bd8 40. Bh6 Nh7 41. Bd2 Nf6 42. Rh6 Be8 43. Rgh1 Rbg7 44. Nc1 Nb4 45. Ncd3 Be7 46. R6h2 Nxd3+ 47. Bxd3 Bd7 48. Be2 Qf8 49. Bh6 Qe8 50. Bxg7 Rxg7 51. Rh8 Rg8 52. R8h2 Qg6 53. Rh6 Qg5 54. Qc1 Qg7 55. Qe3 Ne8 56. Rh7 Qf8 57. R7h2 Bg5 58. Qd3 Nf6 59. Rf1 Qg7 60. Qd1 Be3 61. Qd3 Bd4+ 62. Ka3 Qg6 63. Bd1 Ka7 64. Bc2 Ka6 65. Rfh1 Qf7 66. Nd1 Qg6 67. Rh6 Qg5 68. Nc3 Qg7 69. Ne2 Bf2 70. R6h2 Bd4 71. Nxd4 cxd4 72. c5+ Kb7 73. c6+ Bxc6 74. dxc6+ Kxc6 75. Qb5+ Kb7 76. Bd3 1-0